000 01019nam a22002417a 4500
999 _c17268
_d17268
003 AR-CdUCM
008 190507b ||||| |||| 00| 0 spa d
040 _aMUNICIPALIDAD PROVINCIAL DEL CUSCO
_cBIBLIOTECA MUNICIPAL DEL CUSCO
082 _a616 /
_bG91
100 _aGuibal de Béziers, Pablo
_937163
245 _aSemiología quirúrgica /
260 _aMéxico :
_bNacional,
_c1967.
300 _a368 paginas ;
_c18 cm.
440 _aColección de guías de diagnostico clínico para el uso del practico
_937164
505 _aContenido : t.3 : Semiología quirúrgica -- Traumatismo del cráneo -- Afecciones inflamatorias al cuello -- Tumores en la región lateral del cuello -- Ulceraciones de la amígdala...
650 _aMedicina genral
_937165
650 _aEl cuerpo humano
_933611
650 _aEnfermedades al cuerpo humano
_937166
700 _aMontaner de la Poza, M. (Traducción)
_937167
700 _aMontaner Toutain, M. (Traducción)
_937168
942 _2ddc
_cLIBROS
945 _awnts
_d2019-05-7